=LDR 00000nam 2200000 4500 =001 INLIS000000000016991 =005 20130612112210 =008 ***********************************Ind** =035 ##$$0010-061300000016991 =041 ##$$a Ind =082 ##$$a 2x3.51 =090 ##$$a 2x3.51, Kon b =100 ##$$a Koho, Qasim =245 ##$$a Bacaan Al-Qur'an bukan untuk orang mati, Qasim Koho =260 ##$$a 1999 $b surabaya =300 ##$$a 93 hlm, 20, 5 cm =650 ##$$a Masalah orang mati =850 ##$$a NBPNMAT